[Event "murgu-2"]
[Site "http://www.queenalice.com/game.php?id=1086219"]
[Date "2012.7.24"]
[Round "3"]
[White "dab"]
[Black "LUKK22"]
[Result "0-1"]
[WhiteElo "1841"]
[BlackElo "2599"]

1. d4 g6 2. c4 Bg7 3. Nc3 d6 4. e4 Nf6 5. Nf3 O-O 6. Be2 e5 7. O-O exd4 8. Nxd4
Nc6 9. Nxc6 bxc6 10. Qc2 Qe7 0-1

[Event "AUTO-ADV-2506"]
[Site "http://www.queenalice.com/game.php?id=1099921"]
[Date "2012.9.5"]
[Round "2"]
[White "dab"]
[Black "kasparosaure"]
[Result "0-1"]
[WhiteElo "1849"]
[BlackElo "1923"]

1. e4 d5 2. exd5 Qxd5 3. Nc3 Qa5 4. Nf3 Bg4 5. d4 e6 6. Bd2 Qh5 7. Be2 Nc6 8.
Ne5 Bxe2 9. Qxe2 Qxe2+ 10. Nxe2 Nxe5 11. dxe5 O-O-O 12. O-O-O Bc5 13. f4 Ne7 14.
Ng3 Nd5 15. Ne4 Bb6 16. Be1 Nxf4 17. Rxd8+ Rxd8 18. Bh4 Rd4 19. Rd1 Ne2+ 0-1

[Event "AUTO-ADV-2506"]
[Site "http://www.queenalice.com/game.php?id=1099922"]
[Date "2012.9.5"]
[Round "2"]
[White "kasparosaure"]
[Black "dab"]
[Result "1-0"]
[WhiteElo "2047"]
[BlackElo "1818"]

1. d4 d5 2. Nf3 Nf6 3. Bg5 Bf5 4. Nbd2 Nbd7 5. e3 Ne4 6. Nxe4 Bxe4 7. Bd3 Bxd3
8. Qxd3 g6 9. O-O Bg7 10. c3 O-O 11. Rae1 Bf6 12. Bh6 Bg7 13. Bxg7 Kxg7 14. b4
Nb6 15. Ne5 f6 16. Nf3 Nc4 17. e4 Nb6 18. e5 fxe5 19. Rxe5 Nc4 20. Re2 Qd6 21.
Rfe1 Rae8 22. Ng5 Kg8 23. Ne6 Rf6 24. Qh3 Rf5 25. g4 Rf7 26. Ng5 Rg7 27. Ne6 Rf7
28. f4 Nb6 29. f5 Nd7 30. fxg6 hxg6 31. Qh6 Nf8 32. Nxf8 Rexf8 33. Re6 Rf1+ 34.
Rxf1 Rxf1+ 35. Kxf1 Qxe6 36. Qg5 Qf6+ 37. Qxf6 exf6 38. Kf2 Kg7 39. Kf3 Kf7 40.
Kf4 Ke6 41. h4 Kf7 42. a4 b6 43. b5 Kg7 44. g5 Kf7 45. Ke3 Ke6 46. Kf4 f5 47.
Ke3 c5 48. bxc6 Kd6 49. Kf4 Kxc6 50. Ke5 a6 51. h5 f4 52. Kxf4 1-0

[Event "AUTO-ADV-2506"]
[Site "http://www.queenalice.com/game.php?id=1099923"]
[Date "2012.9.5"]
[Round "2"]
[White "dab"]
[Black "Rubens2009"]
[Result "0-1"]
[WhiteElo "1836"]
[BlackElo "1844"]

1. d4 d5 2. c4 Nf6 3. Nc3 c6 4. h3 g6 5. Nf3 Bg7 6. Bf4 Na6 7. e3 O-O 8. cxd5
cxd5 9. Be2 e6 10. O-O Nc7 11. Bxc7 Qxc7 12. Ne5 Nd7 13. Nxd7 Bxd7 14. Rc1 Rac8
15. Qb3 Qb8 16. Na4 Bc6 17. Bb5 Qd6 18. Bxc6 bxc6 19. Nc5 e5 20. dxe5 Bxe5 21.
Qc2 f5 22. g3 h5 23. Qa4 Rc7 24. b3 Rff7 25. Rc2 d4 26. Rd1 Qd5 27. exd4 Bd6 28.
Na6 Rc8 29. Rdc1 f4 30. Rxc6 Rxc6 31. Qxc6 Qxd4 32. Qc4 Qb6 33. Qc6 fxg3 34.
Qxb6 axb6 35. fxg3 Bxg3 36. Rc6 Kg7 37. Rxb6 Bf2+ 0-1

[Event "AUTO-ADV-2506"]
[Site "http://www.queenalice.com/game.php?id=1099924"]
[Date "2012.9.5"]
[Round "2"]
[White "Rubens2009"]
[Black "dab"]
[Result "1/2-1/2"]
[WhiteElo "1945"]
[BlackElo "1813"]

1. e4 c5 2. Nf3 d6 3. Bc4 Nf6 4. Ng5 e6 5. d4 cxd4 6. Qxd4 Nc6 7. Qe3 d5 8. exd5
Nxd5 9. Qf3 Ne5 10. Qe4 Nxc4 11. Qxc4 Be7 12. Ne4 O-O 13. O-O Nb6 14. Qe2 Qc7
15. g3 Bd7 16. Nbc3 a6 17. Re1 Bc6 18. Bg5 Nd5 19. Nxd5 Bxd5 20. Bxe7 Qxe7 21.
b3 b5 22. Qe3 Rac8 23. Rac1 Qa3 24. Nc3 Rfd8 25. Ra1 Ba8 26. Red1 Qb2 27. Rxd8+
Rxd8 28. Rc1 Rc8 29. Ne2 Rxc2 30. Rxc2 Qxc2 31. f3 Qc8 32. Nf4 h6 33. Kg2 g5 34.
Nh5 g4 35. Nf6+ Kg7 36. Nxg4 Qc2+ 37. Kh3 Qg6 38. Qe5+ f6 39. Qc7+ Qf7 40. Qxf7+
Kxf7 41. f4 Kg6 42. Kh4 Bf3 43. Ne3 h5 44. h3 f5 45. a3 a5 46. b4 axb4 47. axb4
Be2 48. Nc2 Bd3 49. Nd4 Bc4 50. g4 hxg4 51. hxg4 fxg4 52. Kxg4 Kf6 53. Nc2 e5
54. Ne3 exf4 55. Kxf4 Be2 56. Ke4 Ke6 57. Kd4 Kd6 58. Nd5 Kc6 59. Nc3 Bc4 60.
Ne4 Be2 61. Ke5 Bc4 62. Nc5 Bd5 63. Kd4 Bc4 1/2-1/2

[Event "AUTO-ADV-2506"]
[Site "http://www.queenalice.com/game.php?id=1099925"]
[Date "2012.9.5"]
[Round "2"]
[White "dab"]
[Black "andrevillares"]
[Result "1-0"]
[WhiteElo "1811"]
[BlackElo "2056"]

1. d4 Nf6 2. c4 e6 3. Nf3 d5 4. Bf4 Be7 5. Nc3 O-O 6. e3 Nbd7 7. Ne5 dxc4 8.
Bxc4 c5 9. Nxd7 Bxd7 10. dxc5 Bxc5 11. O-O Bc6 12. a3 Qe7 13. b4 Bb6 14. Qc2
Rfd8 15. Rad1 Rac8 16. Qb3 h6 17. Rxd8+ Rxd8 18. Rd1 Rxd1+ 19. Qxd1 e5 20. Bg3
a5 21. b5 Bd7 22. a4 Qb4 23. Qb3 Qxb3 24. Bxb3 e4 25. Nd5 Bd8 26. Nxf6+ Bxf6 27.
Bc7 Bc3 28. Kf1 Be6 29. Bxe6 fxe6 30. f4 Kf7 31. Be5 Bxe5 32. fxe5 Kg6 33. g4
Kg5 34. h3 h5 35. gxh5 Kf5 36. Kg2 Kxe5 37. Kg3 Kf5 38. h4 b6 39. Kh3 Ke5 40.
Kg4 Kf6 41. Kf4 e5+ 42. Kg4 Ke6 43. Kg5 Ke7 44. Kg6 Kf8 45. Kf5 Kf7 46. Kxe5 g6
47. hxg6+ Kxg6 48. Kxe4 Kh5 49. Kf5 Kxh4 50. e4 1-0

[Event "AUTO-ADV-2506"]
[Site "http://www.queenalice.com/game.php?id=1099926"]
[Date "2012.9.5"]
[Round "2"]
[White "andrevillares"]
[Black "dab"]
[Result "1-0"]
[WhiteElo "2034"]
[BlackElo "1820"]

1. d4 Nf6 2. c4 g6 3. Nc3 Bg7 4. e4 d6 5. Be2 O-O 6. Nf3 b6 7. O-O Nbd7 8. Bg5
Bb7 9. Qc2 h6 10. Be3 Ng4 11. Bf4 e6 12. h3 Ngf6 13. Rfd1 Re8 14. e5 dxe5 15.
Nxe5 c5 16. dxc5 bxc5 17. Nb5 Re7 18. Nd6 Qc7 19. Nxb7 Qxb7 20. Bf3 Qb8 21. Nxg6
Qe8 22. Nxe7+ Qxe7 23. Bxa8 e5 24. Be3 Nh5 25. Qf5 Nhf6 26. Rd2 Qd8 27. Bc6 Qc7
28. Bxd7 Nxd7 29. Rxd7 1-0

[Event "Challenge"]
[Site "http://www.queenalice.com/game.php?id=1489915"]
[Date "2017.8.12"]
[Round "-"]
[White "dab"]
[Black "Excsiu"]
[Result "1-0"]
[WhiteElo "1861"]
[BlackElo "1831"]

1. e4 e5 2. Nf3 d5 3. exd5 Qxd5 4. Nc3 Qe6 5. d3 c5 6. Be3 Nf6 7. Ne4 c4 8.
Nxf6+ Qxf6 9. Nd2 cxd3 10. Bxd3 Be7 11. O-O O-O 12. Ne4 Qe6 13. Qh5 Nd7 14. Ng5
Qh6 15. Bxh7+ Kh8 16. Nxf7+ 1-0

[Event "AUTO-OPEN-3853"]
[Site "http://www.queenalice.com/game.php?id=1496939"]
[Date "2017.9.30"]
[Round "1"]
[White "astrologo"]
[Black "dab"]
[Result "1-0"]
[WhiteElo "2137"]
[BlackElo "1876"]

1. c4 g6 2. Nc3 Bg7 3. d4 c5 4. Nf3 cxd4 5. Nxd4 Nc6 6. e3 Nxd4 7. exd4 d6 8.
Be3 Nf6 9. Be2 O-O 10. O-O Bf5 11. Rc1 Rc8 12. b4 Nd7 13. g4 Bxg4 14. Bxg4 Rxc4
15. a3 h5 16. Bf3 b6 17. Nd5 Rxc1 18. Qxc1 e6 19. Nc3 Qc8 20. Ne4 d5 21. Ng5 1-0

[Event "AUTO-OPEN-3853"]
[Site "http://www.queenalice.com/game.php?id=1496940"]
[Date "2017.9.30"]
[Round "1"]
[White "dab"]
[Black "astrologo"]
[Result "0-1"]
[WhiteElo "1870"]
[BlackElo "2141"]

1. d4 f5 2. c4 Nf6 3. Nc3 e6 4. Nf3 d5 5. cxd5 exd5 6. Bf4 Bd6 7. Bxd6 Qxd6 8.
e3 O-O 9. Bd3 Ne4 10. Ne5 Nd7 11. Nxd7 Bxd7 12. Nxe4 fxe4 13. Be2 Qb4+ 14. Qd2
Qxd2+ 15. Kxd2 Rxf2 16. g3 Raf8 17. Raf1 Bb5 18. Rxf2 Rxf2 19. Re1 Rxh2 20. Kd1
Bxe2+ 21. Rxe2 Rxe2 22. Kxe2 Kf7 23. g4 Kf6 24. Kf2 Kg5 25. Kg3 a5 0-1

[Event "AUTO-OPEN-3853"]
[Site "http://www.queenalice.com/game.php?id=1496959"]
[Date "2017.9.30"]
[Round "1"]
[White "od_xavier"]
[Black "dab"]
[Result "0-1"]
[WhiteElo "1676"]
[BlackElo "1845"]

1. g3 c5 2. Bg2 d5 3. d4 cxd4 4. Qxd4 Nf6 5. b3 Nc6 6. Qd1 e5 7. c3 Bd6 8. f3
O-O 9. e4 Be6 10. c4 d4 11. Ne2 Bc5 12. Nd2 Nb4 13. Nf1 Qa5 14. Bb2 Nd3# 0-1

[Event "AUTO-OPEN-3853"]
[Site "http://www.queenalice.com/game.php?id=1496960"]
[Date "2017.9.30"]
[Round "1"]
[White "dab"]
[Black "od_xavier"]
[Result "1-0"]
[WhiteElo "1854"]
[BlackElo "1628"]

1. e4 g6 2. d4 d5 3. Nc3 e6 4. e5 c6 5. Nf3 Bb4 6. Bd2 f6 7. Bd3 Ne7 8. exf6 Nf5
9. Bg5 h6 10. f7+ Kxf7 11. Bxd8 Rxd8 12. Bxf5 exf5 13. Ne5+ Kf6 14. f4 Nd7 15.
Nxd7+ Bxd7 16. O-O Bxc3 17. bxc3 b6 18. Re1 a5 19. Re5 g5 20. Qh5 Rh8 21. Rae1
Rag8 22. Re7 c5 23. Qf7# 1-0

[Event "AUTO-OPEN-3853"]
[Site "http://www.queenalice.com/game.php?id=1496969"]
[Date "2017.9.30"]
[Round "1"]
[White "Scharlatan"]
[Black "dab"]
[Result "1-0"]
[WhiteElo "2027"]
[BlackElo "1892"]

1. Nf3 d6 2. g3 Nf6 3. Bg2 e5 4. d3 Nc6 5. c4 d5 6. cxd5 Nxd5 7. O-O Bc5 8. Nc3
Nxc3 9. bxc3 O-O 10. Qb3 h6 11. a4 b6 12. Nxe5 Na5 13. Qa2 Bb7 14. Bxb7 Nxb7 15.
Ba3 Qd6 16. d4 Bxa3 17. Qxa3 Qxa3 18. Rxa3 Nd6 19. a5 f6 20. Ng6 Rfe8 21. e3 Nc4
22. Ra4 Nxa5 23. Nf4 c6 24. c4 Nb7 25. Ra6 c5 26. Rfa1 cxd4 27. exd4 Re4 28.
Rxa7 Rb8 29. Rb1 Na5 30. Rxa5 1-0

[Event "AUTO-OPEN-3853"]
[Site "http://www.queenalice.com/game.php?id=1496970"]
[Date "2017.9.30"]
[Round "1"]
[White "dab"]
[Black "Scharlatan"]
[Result "1/2-1/2"]
[WhiteElo "1881"]
[BlackElo "2092"]

1. e4 e5 2. Nf3 Nc6 3. Nc3 Nf6 4. a3 Bc5 5. h3 O-O 6. Bc4 d6 7. d3 a6 8. O-O Ne7
9. Ne2 Ng6 10. Bg5 Qe7 11. Ng3 h6 12. Nh4 Nxh4 13. Bxh4 Be6 14. Nf5 Bxf5 15.
exf5 g5 16. Bg3 d5 17. Bb3 c6 18. Re1 Qd7 19. Bxe5 Nh7 20. d4 Bd6 21. g4 Rae8
22. Re3 f6 23. Bxd6 Qxd6 24. Qf3 Re7 25. Rae1 Rfe8 26. Rxe7 Rxe7 27. Re3 Kf7 28.
Rxe7+ Qxe7 29. Qe3 Qd6 30. c4 dxc4 31. Bxc4+ Kf8 32. Qe6 Qxe6 33. Bxe6 b6 34.
Kg2 Ke7 35. Kf3 Nf8 36. d5 cxd5 37. Bxd5 Kd6 38. Be6 1/2-1/2

[Event "Challenge"]
[Site "http://www.queenalice.com/game.php?id=1499705"]
[Date "2017.10.21"]
[Round "-"]
[White "MADMIKE"]
[Black "dab"]
[Result "0-1"]
[WhiteElo "1800"]
[BlackElo "1879"]

1. d4 d6 2. e4 g6 3. h3 Bg7 4. Nf3 c6 5. Be2 e5 6. dxe5 dxe5 7. c3 Qxd1+ 8. Bxd1
Ne7 9. O-O Nd7 10. Bb3 Nc5 11. Bc2 O-O 12. Nbd2 Ne6 13. Nc4 f5 14. exf5 Nxf5 15.
Be4 Nc5 16. Bxf5 Bxf5 17. Nd6 Bd3 18. Re1 Rad8 19. b4 Rxd6 20. bxc5 Rd5 21. Bb2
Re8 22. Rad1 e4 23. Nd4 Rxc5 24. f3 Rce5 25. fxe4 Bxe4 26. c4 Bf5 27. Rf1 Rc5
28. Rc1 Bd3 29. Rfd1 Bxc4 30. a3 a6 31. Bc3 Bb5 32. Nxb5 Rxb5 33. Be1 Rd5 34.
Rxd5 cxd5 35. Bb4 b6 36. Bd6 Re6 37. Bc7 Bd4+ 38. Kf1 Bc5 39. a4 Re4 40. Ra1 d4
41. a5 b5 42. Rc1 Bb4 43. Rc6 d3 44. Rc1 d2 45. Rd1 Re1+ 0-1

[Event "Challenge"]
[Site "http://www.queenalice.com/game.php?id=1499706"]
[Date "2017.10.21"]
[Round "-"]
[White "dab"]
[Black "MADMIKE"]
[Result "1-0"]
[WhiteElo "1865"]
[BlackElo "1814"]

1. e4 e5 2. c3 Nf6 3. d3 h6 4. Nf3 Nc6 5. g3 d5 6. exd5 Nxd5 7. Bg2 Be7 8. O-O
O-O 9. Nbd2 f5 10. Nc4 Bd6 11. Nh4 Be6 12. Re1 b5 13. Ng6 Rf6 14. Ncxe5 Bxe5 15.
Nxe5 Nxe5 16. Rxe5 Rb8 17. Qb3 c6 18. Qc2 Bf7 19. Bd2 f4 20. Bxd5 Bxd5 21. Bxf4
Qd7 22. Rxd5 Qxd5 23. Bxb8 Rf8 24. Bf4 h5 25. d4 h4 26. Qb3 Qxb3 27. axb3 hxg3
28. hxg3 Ra8 29. Ra6 Kh7 30. Rxc6 a6 31. d5 Ra7 32. d6 a5 33. Rc7 1-0